| 000 | 00901nam a22002177a 4500 | ||
|---|---|---|---|
| 001 | EIF-IV-1999-M5-001 | ||
| 003 | OSt | ||
| 005 | 20221215175906.0 | ||
| 008 | 221108b |||||||| |||| 00| 0 eng d | ||
| 040 |
_aFundación Jesús Pereda _cFundación Jesús Pereda |
||
| 041 | _aCastellano | ||
| 100 |
_uInstitut N. 1 de Xávia _aÁlvarez Cobelas, José _9111 |
||
| 111 |
_aEncuentro de Investigadores del Franquismo _c(Valencia. _d1999. _n4º) _996 |
||
| 245 |
_aLa renovación de las élites en el primer franquismo: _blos catedráticos de la Universidad _c/José L. Álvarez Cobelas |
||
| 610 | 0 |
_9375 _aUniversidad de Madrid |
|
| 650 | 0 |
_9123 _aPrimer franquismo |
|
| 651 | 0 |
_9266 _aMadrid |
|
| 773 |
_tActas del IV Encuentro de Investigadores del Franquismo _g564-568 p. |
||
| 856 | _uhttps://bibliotecaccoocyl.fundacionjesuspereda.es/cgi-bin/koha/opac-retrieve-file.pl?id=5ccc3ff334c9e59a4daa83044d6ae839 | ||
| 942 |
_2ddc _cCF _n0 |
||
| 999 |
_c199 _d199 |
||